Aufgaben und Grenzen der Wirtschaftsethik.
Postavenie podnikateľskej etiky v evanjelickej teologickej sociálnej etike a jeho ilustrácia na prístupe A. Richa. Maximá sociálneho rozhodovania v evanjelickej etike. Problém transformácie ekonomickej racionality. Hlavné problémy etiky v ekonomickej oblasti (vzťah ekonómie a ekológie, sociálnej spr...
Gespeichert in:
| 1. Verfasser: | |
|---|---|
| Format: | Buchkapitel |
| Sprache: | Deutsch |
| Schlagworte: | |
| Tags: |
Keine Tags, Fügen Sie das erste Tag hinzu!
|
MARC
| LEADER | 00000naa a2200000 4500 | ||
|---|---|---|---|
| 001 | r009258 | ||
| 005 | 20221208123354.9 | ||
| 041 | 0 | |a ger | |
| 044 | |a DE | ||
| 245 | 1 | 0 | |a Aufgaben und Grenzen der Wirtschaftsethik. |c M. Honecker |
| 520 | |a Postavenie podnikateľskej etiky v evanjelickej teologickej sociálnej etike a jeho ilustrácia na prístupe A. Richa. Maximá sociálneho rozhodovania v evanjelickej etike. Problém transformácie ekonomickej racionality. Hlavné problémy etiky v ekonomickej oblasti (vzťah ekonómie a ekológie, sociálnej spravodlivosti, demokracie, problém vlastníctva..). Prístup náboženstva, cirkvi a teológie ku ekonomike. | ||
| 610 | 2 | 0 | |a etika |
| 610 | 2 | 0 | |a podnikanie |
| 610 | 2 | 0 | |a Rich, A. |
| 610 | 2 | 0 | |a rozhodovanie |
| 610 | 2 | 0 | |a ekológia |
| 610 | 2 | 0 | |a politika sociálna |
| 610 | 2 | 0 | |a náboženstvo |
| 610 | 2 | 0 | |a ekonómia |
| 100 | 1 | |a Honecker, M. | |